000
00347nam a2200145Ia 4500
008
240624s9999 xx 000 0 und d
041
_a
eng
082
_a
658.8 TAD
100
_a
TADAJEWSKI MARK
245
_a
PHILOSOPHY OF MARKETING
260
_c
2014
_a
London
_b
Sage
300
_a
xxxv, : 407 : p. : cm. ; 24
365
_c
GBP
_b
50
440
_v
1
999
_c
27295
_d
27295